| 000 | 02313cam a22004934i 4500 | ||
|---|---|---|---|
| 003 | PE-LiUPU | ||
| 005 | 20250731175624.0 | ||
| 008 | 030925s2004 miua rb 000 0 eng | ||
| 010 | _a2003021288 | ||
| 020 |
_a0825426448 _q(pbk.) |
||
| 020 |
_a9780825426445 _q(pbk.) |
||
| 035 | _a(Sirsi) i9780825426445 | ||
| 040 |
_aDLC _beng _cDLC _dOCL _dBAKER _dNLGGC _dBTCTA _dYDXCP _dOCLCQ _dKN4 _dBDX _dIG# _dOCLCQ _dOCLCO _dOCLCA _dOCLCQ _dOCLCO _dNZABT _dOCLCQ _dPE-LiUPU _erda |
||
| 049 | _aPRUA | ||
| 050 | 0 | 0 |
_aPJ4556 _b.S55 2004 |
| 082 | 0 | 0 |
_a492.482421 _bS54 _222 |
| 100 | 1 |
_aSilzer, Peter James, _eautor. |
|
| 245 | 1 | 0 |
_aHow biblical languages work : _ba student's guide to learning Hebrew and Greek / _cPeter James Silzer, Thomas John Finley. |
| 264 | 1 |
_aGrand Rapids : _bKregel, _c2004. |
|
| 300 |
_a258 pages : _billustraciones ; _c23 centímetros |
||
| 336 |
_atext _2rdacontent |
||
| 337 |
_aunmediated _2rdamedia |
||
| 338 |
_avolume _2rdacarrier |
||
| 504 | _aBibliografía : páginas 253-258. | ||
| 505 | 0 | _aThe big picture: an overview of how language works -- Can you spell that? reading and writing -- Putting it into words: how words are made -- Putting words together: phrases and clauses -- Telling stories and writing letters: understanding discourse -- What do you mean? it's just semantics -- Variety is the spice of life: dialects and change -- Practical ways to study (and learn) the biblical languages. | |
| 526 | _aP145 | ||
| 526 | _aP127 | ||
| 526 | _aP97 | ||
| 526 | _aP35 | ||
| 526 | _aP14 | ||
| 526 | _aP07 | ||
| 650 | 0 |
_aGreek language, Biblical _xGrammar. |
|
| 650 | 0 |
_aHebrew language _xGrammar. |
|
| 650 | 0 |
_aLengua griega, bíblica _xGrammar. |
|
| 650 | 0 |
_aIdioma hebreo _ xGrammar. |
|
| 700 | 1 |
_aFinley, Thomas John, _eautor. |
|
| 910 |
_adbm _bncf _cncf _d20171213 |
||
| 942 |
_2ddc _cBOOK |
||
| 949 |
_a492.482421 S54 _wDEWEY _c1 _i77525 _lCATALOGING _mBUL _p20.00 _r0 _sY _tBOOK _u2017-12-13 _xPOSGRADO _PP85 _0COMPRA _o.STAFF. Colección Teología. |
||
| 994 |
_aC0 _bPEPRU |
||
| 596 | _a1 | ||
| 999 |
_a492.482421 S54 _wDEWEY _c26130 _i77525 _d26130 _e2020-2-25 _f2021-11-11 _g4 _lCCODEBUL1 _mBUL _n4 _p20.00 _q4 _r0 _sY _tBOOK _u2017-12-13 _xTEOLOGIA _PP85 _0COMPRA _o.STAFF. Colección Teología. |
||
| 980 |
_81 _gALBERTO SANCHEZ Responsable de Automatización |
||